[Event "GBR-ch77"]
[Site "Eastbourne"]
[Date "1990.08.01"]
[Round "3.11"]
[White "Howell, James C"]
[Black "Cullip, Stephen"]
[Result "1-0"]
[WhiteElo "2415"]
[BlackElo "2270"]
[PlyCount "101"]
[EventDate "1990.07.30"]
[EventType "swiss"]
[EventRounds "11"]
[EventCountry "GBR"]
[SourceTitle "BritBase"]

1. e4 c5 2. Nf3 e6 3. d4 cxd4 4. Nxd4 a6 5. Bd3 Nf6 6. O-O Qc7 7. Nc3 Bc5 8.
Nb3 Ba7 9. Bg5 d6 10. Bxf6 gxf6 11. Qg4 Nd7 12. Qg7 Rf8 13. Qxh7 Ne5 14. Kh1
Bd7 15. f4 Ng4 16. Qh4 Rg8 17. Be2 Ne3 18. Rf3 O-O-O 19. Qxf6 Bc6 20. Rg3 Rxg3
21. hxg3 Rg8 22. Kh2 Qd8 23. Qxd8+ Kxd8 24. Bh5 f5 25. g4 Nxg4+ 26. Bxg4 Rxg4
27. Na5 Rxf4 28. Nxc6+ bxc6 29. Rd1 Ke7 30. exf5 Rxf5 31. Rd3 d5 32. Rf3 Rg5
33. Ne2 Re5 34. Nf4 Re1 35. Kh3 Bc5 36. Kg4 Ra1 37. a3 Rb1 38. Rc3 Bd4 39. Rxc6
Rxb2 40. Rxe6+ Kf7 41. Rxa6 Rxc2 42. Ra5 Bb2 43. Kf5 d4 44. g4 Bc1 45. Nd3 Be3
46. g5 Rc3 47. g6+ Kg8 48. Nc5 d3 49. Ra8+ Kg7 50. Ne6+ Kh6 51. Rh8# 1-0

[Event "GBR-ch77"]
[Site "Eastbourne"]
[Date "1990.08.01"]
[Round "3.12"]
[White "Martin, Andrew D"]
[Black "Morrison, Chris"]
[Result "1-0"]
[WhiteElo "2415"]
[BlackElo "2250"]
[PlyCount "80"]
[EventDate "1990.07.30"]
[EventType "swiss"]
[EventRounds "11"]
[EventCountry "GBR"]
[SourceTitle "BritBase"]

1. Nf3 d6 2. c4 e5 3. Nc3 Nf6 4. d4 Nbd7 5. e4 Be7 6. Be2 O-O 7. O-O c6 8. b4
d5 9. exd5 Bxb4 10. dxc6 Bxc3 11. cxd7 Bxa1 12. dxc8=Q Rxc8 13. d5 e4 14. Nd4
Nxd5 15. cxd5 Rxc1 16. Qxc1 Bxd4 17. Bc4 Qc7 18. Re1 b5 19. Bxb5 Qb6 20. Qd2
Bxf2+ 21. Qxf2 Qxb5 22. Qd4 f5 23. Rd1 Qb6 24. Kf2 g5 25. Qxb6 axb6 26. Ke3 Kf7
27. Kd4 Ke7 28. Rb1 Ra8 29. Rxb6 Rxa2 30. Ke5 Ra5 31. Rb7+ Kd8 32. Ke6 Kc8 33.
Rb2 f4 34. d6 e3 35. Ke7 Ra7+ 36. Ke8 g4 37. Re2 Rg7 38. g3 f3 39. Rxe3 f2 40.
Rc3+ Kb8 1-0

[Event "GBR-ch77"]
[Site "Eastbourne"]
[Date "1990.08.01"]
[Round "3.13"]
[White "McNab, Colin Anderson"]
[Black "Kumaran, Dharshan"]
[Result "1-0"]
[WhiteElo "2385"]
[BlackElo "2245"]
[PlyCount "119"]
[EventDate "1990.07.30"]
[EventType "swiss"]
[EventRounds "11"]
[EventCountry "GBR"]
[SourceTitle "BritBase"]

1. Nf3 Nf6 2. c4 c5 3. g3 b6 4. Bg2 Bb7 5. d3 e6 6. e4 d6 7. Nc3 Be7 8. O-O O-O
9. b3 Nc6 10. d4 cxd4 11. Nxd4 Nxd4 12. Qxd4 Qc7 13. Ba3 Rfd8 14. Rfd1 Bc6 15.
Rac1 Qb8 16. Qe3 a6 17. Nd5 Bxd5 18. cxd5 e5 19. Bh3 b5 20. Rc6 Nd7 21. Bxd7
Rxd7 22. Rdc1 b4 23. Bb2 Qb5 24. R1c4 Qa5 25. Qb6 Qxa2 26. Rc8+ Rd8 27. Qxd8+
Bxd8 28. Rxa8 h5 29. Rxd8+ Kh7 30. Rxb4 Qxb2 31. h4 Qb1+ 32. Kg2 a5 33. Rc4
Qxb3 34. Rc7 Qd3 35. Rxf7 Qxe4+ 36. Kh2 Qxd5 37. Rdd7 Qd2 38. Rxg7+ Kh6 39.
Rdf7 a4 40. Rh7+ Kg6 41. Rhg7+ Kh6 42. g4 hxg4 43. Rh7+ Kg6 44. Rhg7+ Kh6 45.
Rh7+ Kg6 46. h5+ Kg5 47. Rhg7+ Kxh5 48. Rf5+ Kh6 49. Rxg4 Qd1 50. Rg3 a3 51.
Rxa3 Kg6 52. Rf8 Kg7 53. Rff3 Qd4 54. Rad3 Qb4 55. Rd1 Qh4+ 56. Kg2 Qb4 57. Rg1
Qh4 58. Kf1+ Kh7 59. Rfg3 d5 60. Rg7+ 1-0

[Event "GBR-ch77"]
[Site "Eastbourne"]
[Date "1990.08.01"]
[Round "3.14"]
[White "Flear, Glenn C"]
[Black "Lewis, Andrew P"]
[Result "0-1"]
[WhiteElo "2485"]
[BlackElo "2315"]
[PlyCount "120"]
[EventDate "1990.07.30"]
[EventType "swiss"]
[EventRounds "11"]
[EventCountry "GBR"]
[SourceTitle "BritBase"]

1. d4 Nf6 2. c4 g6 3. Nc3 Bg7 4. e4 d6 5. Be2 O-O 6. Nf3 e5 7. O-O Nc6 8. d5
Ne7 9. Nd2 a5 10. a3 c5 11. Rb1 Ne8 12. b4 axb4 13. axb4 b6 14. bxc5 bxc5 15.
Nb3 Kh8 16. Bd2 f5 17. f3 Ng8 18. Ra1 Rxa1 19. Qxa1 Bh6 20. exf5 gxf5 21. Bxh6
Nxh6 22. f4 exf4 23. Qc1 Qf6 24. Rxf4 Nf7 25. Ne4 Qe7 26. Ng3 Ng7 27. Rf1 Bd7
28. Bd3 Ne5 29. Bb1 Qh4 30. Rf4 Ng4 31. Nf1 Qf6 32. h3 Ne5 33. Ng3 Qg5 34. Ne2
Nh5 35. Rf1 f4 36. Kh1 Bxh3 37. gxh3 Ng3+ 38. Kh2 Nxe2 39. Qe1 Qg3+ 40. Qxg3
fxg3+ 41. Kg2 Rxf1 42. Kxf1 Nf4 43. Nd2 Kg7 44. h4 h6 45. Bc2 Kf8 46. Bf5 Ke7
47. Be4 Kd8 48. Kg1 Kc7 49. Nf1 Nxc4 50. Nxg3 Nd2 51. Bh1 Nd3 52. Bg2 c4 53.
Ne2 Kb6 54. Kh2 Kc5 55. Kg3 h5 56. Nc3 Kd4 57. Nb5+ Ke5 58. Nc3 Nc5 59. Ne2
Nce4+ 60. Kh2 c3 0-1

[Event "GBR-ch77"]
[Site "Eastbourne"]
[Date "1990.08.01"]
[Round "3.15"]
[White "Ward, Christopher R"]
[Black "Hassabis, Demis"]
[Result "1/2-1/2"]
[WhiteElo "2460"]
[BlackElo "2285"]
[PlyCount "90"]
[EventDate "1990.07.30"]
[EventType "swiss"]
[EventRounds "11"]
[EventCountry "GBR"]
[SourceTitle "BritBase"]

1. d4 Nf6 2. c4 g6 3. Nc3 Bg7 4. e4 d6 5. f3 O-O 6. Be3 c5 7. dxc5 dxc5 8. Qxd8
Rxd8 9. Bxc5 Nc6 10. Nd5 Nd7 11. Ba3 e6 12. Nc7 Rb8 13. O-O-O b6 14. Nb5 Ba6
15. Ne2 Nde5 16. Nec3 Bh6+ 17. Kc2 Rxd1 18. Nxd1 Rd8 19. Nd6 Bf8 20. c5 Bxf1
21. Rxf1 bxc5 22. Nb7 Nd4+ 23. Kb1 Nc4 24. Nxd8 Nd2+ 25. Kc1 Nxf1 26. b3 Ne2+
27. Kc2 Nf4 28. g3 Ne2 29. Kd3 Nd4 30. f4 Nf3 31. Ke2 N3xh2 32. Kf2 Nd2 33. Nc3
c4 34. b4 a5 35. Nc6 axb4 36. Bxb4 f5 37. e5 Bxb4 38. Nxb4 Kf7 39. Ke2 Ne4 40.
Nxe4 fxe4 41. a4 Ke8 42. Na6 c3 43. Nc5 Nf3 44. Ke3 Nd2 45. a5 Nc4+ 1/2-1/2

[Event "GBR-ch77"]
[Site "Eastbourne"]
[Date "1990.08.01"]
[Round "3.16"]
[White "Bibby, Simon"]
[Black "Hawksworth, John C"]
[Result "1/2-1/2"]
[WhiteElo "2280"]
[BlackElo "2370"]
[PlyCount "57"]
[EventDate "1990.07.30"]
[EventType "swiss"]
[EventRounds "11"]
[EventCountry "GBR"]
[SourceTitle "BritBase"]

1. e4 e5 2. Nf3 Nc6 3. Bb5 a6 4. Ba4 Nf6 5. d4 exd4 6. O-O Be7 7. e5 Ne4 8.
Nxd4 O-O 9. Nf5 d5 10. Bxc6 bxc6 11. Nxe7+ Qxe7 12. Re1 Re8 13. f3 Nc5 14. b3
Ne6 15. Bb2 a5 16. Nc3 Qg5 17. Bc1 Qg6 18. Qd3 Qh5 19. Na4 Ba6 20. Qd2 Qf5 21.
Ba3 h5 22. Nc5 Nf4 23. Bb2 h4 24. h3 Qg5 25. Rad1 Bc8 26. Nd3 Nxh3+ 27. Kh1
Qxd2 28. Rxd2 Ng5 29. a4 1/2-1/2

[Event "GBR-ch77"]
[Site "Eastbourne"]
[Date "1990.08.01"]
[Round "3.17"]
[White "Franklin, Chris"]
[Black "Ravikumar, Vaidyanathan"]
[Result "1/2-1/2"]
[WhiteElo "2275"]
[BlackElo "2355"]
[PlyCount "36"]
[EventDate "1990.07.30"]
[EventType "swiss"]
[EventRounds "11"]
[EventCountry "GBR"]
[SourceTitle "BritBase"]

1. g3 c5 2. Bg2 Nc6 3. c4 g6 4. Nc3 Bg7 5. Nf3 d6 6. O-O e5 7. d3 Nge7 8. Bg5
f6 9. Bd2 O-O 10. a3 a5 11. Ne1 Be6 12. Nc2 f5 13. Nd5 Kh8 14. Rb1 Ra7 15. b4
axb4 16. axb4 b6 17. Bc3 Nd4 18. Nxe7 Rxe7 1/2-1/2

[Event "GBR-ch77"]
[Site "Eastbourne"]
[Date "1990.08.01"]
[Round "3.19"]
[White "McDonald, Neil R"]
[Black "Knox, David"]
[Result "1-0"]
[WhiteElo "2350"]
[BlackElo "2260"]
[PlyCount "79"]
[EventDate "1990.07.30"]
[EventType "swiss"]
[EventRounds "11"]
[EventCountry "GBR"]
[SourceTitle "BritBase"]

1. Nf3 Nf6 2. g3 g6 3. Bg2 Bg7 4. O-O O-O 5. c4 Nc6 6. Nc3 e5 7. d3 Re8 8. Nd2
Rb8 9. Nde4 Nxe4 10. Nxe4 d6 11. Rb1 h6 12. b4 Be6 13. b5 Ne7 14. Qa4 f5 15.
Nc3 d5 16. cxd5 Nxd5 17. Bb2 Nb6 18. Qc2 e4 19. dxe4 Nc4 20. exf5 gxf5 21. Rbd1
Qc8 22. Ba1 c6 23. bxc6 bxc6 24. Na4 Na3 25. Qd3 Nb5 26. Bxg7 Kxg7 27. Rc1 Qa6
28. Nc5 Qxa2 29. Bxc6 Red8 30. Qe3 Nd4 31. Bf3 Nxf3+ 32. exf3 Bf7 33. Qe5+ Kg8
34. Nd7 Rb7 35. Nf6+ Kf8 36. Rfe1 Qb2 37. Rc3 Qb4 38. Nh5 Bxh5 39. Qf6+ Bf7 40.
Qh8+ 1-0

[Event "GBR-ch77"]
[Site "Eastbourne"]
[Date "1990.08.01"]
[Round "3.21"]
[White "Jones, Andrew"]
[Black "Knox, Victor W"]
[Result "1/2-1/2"]
[WhiteElo "2245"]
[BlackElo "2335"]
[PlyCount "38"]
[EventDate "1990.07.30"]
[EventType "swiss"]
[EventRounds "11"]
[EventCountry "GBR"]
[SourceTitle "BritBase"]

1. e4 e5 2. Nf3 Nc6 3. Bc4 Nf6 4. d3 Be7 5. O-O O-O 6. Bb3 d6 7. c3 Na5 8. Bc2
c5 9. Nbd2 Nc6 10. Re1 h6 11. Nf1 Be6 12. Ng3 Re8 13. h3 Bf8 14. d4 Bd7 15.
dxe5 dxe5 16. Nh4 Be6 17. Qf3 g6 18. Nf1 Bg7 19. Ne3 Nh7 1/2-1/2

[Event "GBR-ch77"]
[Site "Eastbourne"]
[Date "1990.08.01"]
[Round "3.25"]
[White "Collinson, Adam"]
[Black "Cooper, John Grantley"]
[Result "1/2-1/2"]
[WhiteElo "2315"]
[BlackElo "2390"]
[PlyCount "23"]
[EventDate "1990.07.30"]
[EventType "swiss"]
[EventRounds "11"]
[EventCountry "GBR"]
[SourceTitle "BritBase"]

1. e4 c5 2. Nf3 e6 3. b3 Nc6 4. Bb2 d6 5. d4 cxd4 6. Nxd4 Bd7 7. Bd3 Nf6 8. O-O
Be7 9. c4 O-O 10. Qe2 a6 11. Nxc6 Bxc6 12. Nc3 1/2-1/2

[Event "GBR-ch77"]
[Site "Eastbourne"]
[Date "1990.08.01"]
[Round "3.26"]
[White "Hebden, Mark"]
[Black "Lalic, Susan"]
[Result "1-0"]
[WhiteElo "2520"]
[BlackElo "2270"]
[PlyCount "35"]
[EventDate "1990.07.30"]
[EventType "swiss"]
[EventRounds "11"]
[EventCountry "GBR"]
[SourceTitle "BritBase"]

1. d4 Nf6 2. Nf3 e6 3. c4 c5 4. e3 d5 5. Nc3 Nc6 6. a3 cxd4 7. exd4 dxc4 8.
Bxc4 Be7 9. O-O O-O 10. Qd3 a6 11. Bg5 b5 12. Ba2 Re8 13. Rad1 b4 14. Bxf6 Bxf6
15. Ne4 Be7 16. d5 exd5 17. Bxd5 Qb6 18. Neg5 1-0

[Event "GBR-ch77"]
[Site "Eastbourne"]
[Date "1990.08.01"]
[Round "3.27"]
[White "Murshed, Niaz"]
[Black "Cooper, Lawrence"]
[Result "1-0"]
[WhiteElo "2465"]
[BlackElo "2270"]
[PlyCount "77"]
[EventDate "1990.07.30"]
[EventType "swiss"]
[EventRounds "11"]
[EventCountry "GBR"]
[SourceTitle "BritBase"]

1. d4 Nf6 2. c4 e5 3. dxe5 Ng4 4. Nf3 Bc5 5. e3 Nc6 6. Be2 O-O 7. O-O Re8 8.
Nbd2 Ngxe5 9. Nxe5 Nxe5 10. Nb3 Bf8 11. Bd2 d5 12. c5 b6 13. Rc1 Nc4 14. Bc3
bxc5 15. Bxc4 dxc4 16. Qxd8 Rxd8 17. Nd2 Be6 18. f4 f6 19. e4 Rd3 20. f5 Bf7
21. Rce1 Rd7 22. Nf3 Bd6 23. e5 fxe5 24. Nxe5 Bxe5 25. Rxe5 Bd5 26. Rfe1 c6 27.
Re7 Rxe7 28. Rxe7 Bf7 29. Kf2 a5 30. g4 a4 31. a3 h6 32. h4 Re8 33. Ra7 Re4 34.
Kg3 h5 35. g5 Rg4+ 36. Kh3 Re4 37. g6 Be8 38. Rxg7+ Kf8 39. Rh7 1-0

[Event "GBR-ch77"]
[Site "Eastbourne"]
[Date "1990.08.01"]
[Round "3.29"]
[White "Summerscale, Aaron"]
[Black "Flear, Christine"]
[Result "0-1"]
[WhiteElo "2315"]
[BlackElo "2160"]
[PlyCount "76"]
[EventDate "1990.07.30"]
[EventType "swiss"]
[EventRounds "11"]
[EventCountry "GBR"]
[SourceTitle "BritBase"]

1. Nf3 f5 2. d3 g6 3. e4 d6 4. g3 Bg7 5. Bg2 Nc6 6. Nc3 Nf6 7. h3 e5 8. Be3 Be6
9. Qd2 Qd7 10. O-O-O O-O-O 11. exf5 Bxf5 12. g4 Be6 13. d4 e4 14. Ng5 d5 15.
Nxe6 Qxe6 16. g5 Ne8 17. f3 Nd6 18. fxe4 Nxe4 19. Nxe4 dxe4 20. d5 Qe7 21. Qe2
Nb4 22. Qc4 Rhe8 23. h4 a5 24. Rd2 Na6 25. Ba7 Rd6 26. Bh3+ Kd8 27. Qb5 e3 28.
Rd3 Qe4 29. Re1 Nb4 30. Qxb7 Nxd3+ 31. cxd3 Qxd5 32. Qc8+ Ke7 33. Qxc7+ Kf8 34.
Bc5 Be5 35. Rf1+ Kg8 36. Bxd6 Bxd6 37. Qc3 e2 38. Re1 Bb4 0-1

[Event "GBR-ch77"]
[Site "Eastbourne"]
[Date "1990.08.01"]
[Round "3.31"]
[White "Coleman, David J"]
[Black "Giddins, Stephen W"]
[Result "1-0"]
[WhiteElo "2235"]
[BlackElo "2305"]
[PlyCount "83"]
[EventDate "1990.07.30"]
[EventType "swiss"]
[EventRounds "11"]
[EventCountry "GBR"]
[SourceTitle "BritBase"]
[Source "John Saunders"]
[SourceDate "2024.08.29"]
[SourceVersion "1"]
[SourceVersionDate "2024.08.29"]
[SourceQuality "1"]

1. e4 e6 2. d4 d5 3. Nc3 Bb4 4. e5 c5 5. a3 Bxc3+ 6. bxc3 Ne7 7. Qg4 Qc7 8. Bd3 cxd4 9. Ne2 dxc3 10. Qxg7 Rg8 11. Qh6 Nbc6 12. Bf4 Bd7 13. O-O O-O-O 14. Bxh7 Rh8 15. Qg7 Kb8 16. h4 d4 17. Rfd1 Bc8 18. h5 b6 19. h6 Bb7 20. Rd3 Ba6 21. Nxd4 Bxd3 22. Nxc6+ Nxc6 23. Bxd3 f5 24. Bg5 Rdg8 25. Qxc7+ Kxc7 26. Bf4 Ne7 27. Rd1 Nd5 28. Bc1 Kc6 29. a4 Rg4 30. Bb5+ Kc7 31. f3 Rgg8 32. Kf2 Rg6 33. Bc4 Kc6 34. Rh1 Nb4 35. Bb3 Rh7 36. Rh4 Nd5 37. Bc4 a5 38. g4 Nb4 39. g5 Kc7 40. Bb3 Nd5 41. Rd4 Kc6 42. Rd3 {Source: Steve Giddins} 1-0

[Event "GBR-ch77"]
[Site "Eastbourne"]
[Date "1990.08.01"]
[Round "3.36"]
[White "Milligan, Helen"]
[Black "Carton, Niall"]
[Result "0-1"]
[WhiteElo "2035"]
[BlackElo "2220"]
[PlyCount "40"]
[EventDate "1990.07.30"]
[EventType "swiss"]
[EventRounds "11"]
[EventCountry "GBR"]
[SourceTitle "BritBase"]

1. e4 e6 2. d4 d5 3. Nc3 Bb4 4. Nge2 dxe4 5. a3 Bxc3+ 6. Nxc3 Nc6 7. Bb5 Nge7
8. Be3 f5 9. f3 exf3 10. Qxf3 O-O 11. O-O-O Bd7 12. h4 Na5 13. Bd3 Bc6 14. Qg3
Nd5 15. Nxd5 Qxd5 16. Bf4 Rf7 17. Rhe1 Qa2 18. Re5 Bd5 19. Rde1 Qa1+ 20. Kd2
Qxb2 0-1

[Event "GBR-ch77"]
[Site "Eastbourne"]
[Date "1990.08.02"]
[Round "4.3"]
[White "King, Daniel J"]
[Black "Howell, James C"]
[Result "1/2-1/2"]
[WhiteElo "2560"]
[BlackElo "2415"]
[PlyCount "73"]
[EventDate "1990.07.30"]
[EventType "swiss"]
[EventRounds "11"]
[EventCountry "GBR"]
[SourceTitle "BritBase"]

1. c4 g6 2. e4 Bg7 3. d4 d6 4. Nc3 Nf6 5. h3 O-O 6. Be3 Nbd7 7. Nf3 e5 8. d5
Nc5 9. Nd2 a5 10. a3 Ne8 11. b4 axb4 12. axb4 Rxa1 13. Qxa1 Nd7 14. Nf3 h6 15.
Qc1 Kh7 16. g4 c5 17. b5 Nb6 18. g5 hxg5 19. Nxg5+ Kg8 20. Rg1 Nf6 21. Be2 Nh7
22. h4 f5 23. h5 f4 24. Nxh7 Kxh7 25. hxg6+ Kg8 26. Bd2 Qh4 27. Bf3 Nxc4 28.
Ke2 Bd7 29. Rh1 Qg5 30. Qg1 Qxg1 31. Rxg1 Ra8 32. Kd3 Nxd2 33. Kxd2 Bh6 34. Kc2
Ra5 35. Be2 f3 36. Bxf3 Bxb5 37. Nxb5 1/2-1/2

[Event "GBR-ch77"]
[Site "Eastbourne"]
[Date "1990.08.02"]
[Round "4.4"]
[White "Suba, Mihai"]
[Black "Martin, Andrew D"]
[Result "0-1"]
[WhiteElo "2520"]
[BlackElo "2415"]
[PlyCount "106"]
[EventDate "1990.07.30"]
[EventType "swiss"]
[EventRounds "11"]
[EventCountry "GBR"]
[SourceTitle "BritBase"]

1. d4 d6 2. c4 Nf6 3. Nc3 Nbd7 4. e4 e5 5. Nf3 Be7 6. Be2 c6 7. O-O O-O 8. Rb1
a6 9. dxe5 dxe5 10. b4 Qc7 11. Qc2 Re8 12. Rd1 Nf8 13. h3 b5 14. Be3 Ne6 15. a4
a5 16. axb5 axb4 17. b6 Qb8 18. Na2 c5 19. Nxb4 cxb4 20. c5 Ra3 21. Rd3 Ra5 22.
Rxb4 Bxc5 23. Bxc5 Rxc5 24. Rc3 Rxc3 25. Qxc3 Bb7 26. Bb5 Rc8 27. Qxe5 Qxe5 28.
Nxe5 Nxe4 29. Nc6 Bxc6 30. Bxc6 Nd6 31. Bd5 Nc5 32. Rb1 Rb8 33. Bc6 Kf8 34. g3
Nc8 35. b7 Nd6 36. h4 Ndxb7 37. Kg2 Ke7 38. Bd5 f6 39. Rb6 Rd8 40. Rxb7+ Nxb7
41. Bxb7 Kd6 42. f4 Kc5 43. Be4 h6 44. Kf2 Kd4 45. Bf3 f5 46. Bc6 Rd6 47. Bb7
Rb6 48. Bf3 Rb2+ 49. Kf1 Ke3 50. Bc6 Rb6 51. Ba8 g5 52. hxg5 hxg5 53. fxg5 Rg6
0-1

[Event "GBR-ch77"]
[Site "Eastbourne"]
[Date "1990.08.02"]
[Round "4.5"]
[White "Norwood, David"]
[Black "McNab, Colin Anderson"]
[Result "1/2-1/2"]
[WhiteElo "2515"]
[BlackElo "2385"]
[PlyCount "114"]
[EventDate "1990.07.30"]
[EventType "swiss"]
[EventRounds "11"]
[EventCountry "GBR"]
[SourceTitle "BritBase"]

1. d4 d6 2. e4 g6 3. Nc3 Nf6 4. Be3 c6 5. Qd2 b5 6. f3 Nbd7 7. h4 Bg7 8. g4 h5
9. g5 Nh7 10. f4 Nb6 11. Nf3 O-O 12. Bd3 Nc4 13. Bxc4 bxc4 14. O-O d5 15. Ne5
dxe4 16. Nxe4 Qd5 17. Nc3 Qe6 18. Qg2 Bxe5 19. fxe5 Qh3 20. Qxh3 Bxh3 21. Rf2
Be6 22. Ne4 Bd5 23. Nd2 f6 24. b3 c3 25. Nb1 fxg5 26. Nxc3 Rxf2 27. Bxf2 gxh4
28. Bxh4 g5 29. Nxd5 cxd5 30. Bf2 Rc8 31. Rc1 g4 32. Bh4 Nf8 33. Bxe7 Ne6 34.
c4 Nxd4 35. Kf2 Kf7 36. Bf6 dxc4 37. bxc4 Nf5 38. c5 Rc6 39. a4 Ke6 40. Rh1 h4
41. Bxh4 Rxc5 42. Bg5 Rc2+ 43. Kg1 Nd4 44. Rh6+ Kf5 45. Bh4 Nf3+ 46. Kf1 Nxe5
47. Rh7 a5 48. Ra7 Nc4 49. Rf7+ Ke4 50. Bg5 Ne5 51. Rf4+ Kd3 52. Rf2 Rc5 53.
Rf5 Kc4 54. Bf6 Nd3 55. Rxc5+ Nxc5 56. Bd8 Kb4 57. Be7 Kxa4 1/2-1/2

[Event "GBR-ch77"]
[Site "Eastbourne"]
[Date "1990.08.02"]
[Round "4.6"]
[White "Mestel, A Jonathan"]
[Black "Littlewood, John Eric"]
[Result "1-0"]
[WhiteElo "2505"]
[BlackElo "2320"]
[PlyCount "61"]
[EventDate "1990.07.30"]
[EventType "swiss"]
[EventRounds "11"]
[EventCountry "GBR"]
[SourceTitle "BritBase"]

1. Nf3 d6 2. d4 g6 3. e4 Bg7 4. Nc3 a6 5. Bc4 c5 6. dxc5 Qa5 7. O-O Qxc5 8. Qd5
e6 9. Qd3 Nd7 10. Rd1 Ngf6 11. Bb3 Ng4 12. Qe2 O-O 13. Ng5 Nde5 14. h3 Nf6 15.
Be3 Qc7 16. f4 Nc6 17. a4 h6 18. Nf3 Na5 19. Qf2 Nd7 20. f5 Nc5 21. e5 Ncxb3
22. f6 Bh8 23. cxb3 Nxb3 24. Bxh6 Rd8 25. Qh4 dxe5 26. Bg7 Bxg7 27. fxg7 Rxd1+
28. Rxd1 Kxg7 29. Rd8 Qxd8 30. Qxd8 b5 31. Nxe5 1-0

[Event "GBR-ch77"]
[Site "Eastbourne"]
[Date "1990.08.02"]
[Round "4.7"]
[White "Wells, Peter K"]
[Black "Arkell, Keith C"]
[Result "1-0"]
[WhiteElo "2415"]
[BlackElo "2430"]
[PlyCount "83"]
[EventDate "1990.07.30"]
[EventType "swiss"]
[EventRounds "11"]
[EventCountry "GBR"]
[SourceTitle "BritBase"]

1. Nf3 Nf6 2. d4 e6 3. e3 c5 4. c4 cxd4 5. exd4 b6 6. Bd3 Bb7 7. O-O Be7 8. Nc3
O-O 9. d5 exd5 10. cxd5 d6 11. Nd4 a6 12. Nf5 Re8 13. Qf3 Bf8 14. Bg5 Nbd7 15.
Ne4 Kh8 16. Qh3 Bc8 17. Qh4 Re5 18. Nxf6 Nxf6 19. Nh6 Ra7 20. Bxf6 Qxf6 21.
Nxf7+ Kg8 22. Qxf6 gxf6 23. Nxe5 dxe5 24. Rac1 Bd7 25. Rc3 Bc5 26. Rfc1 a5 27.
Kf1 Kf8 28. Rxc5 bxc5 29. d6 e4 30. Bxe4 Bb5+ 31. Ke1 c4 32. a4 Ba6 33. Bf5 Ke8
34. Kd2 Rb7 35. Kc2 Rg7 36. d7+ Kd8 37. Re1 Rg8 38. g3 h5 39. h4 Bb7 40. Kc3
Bc6 41. Kxc4 Bxa4 42. Ra1 1-0

[Event "GBR-ch77"]
[Site "Eastbourne"]
[Date "1990.08.02"]
[Round "4.8"]
[White "Watson, William N"]
[Black "Emms, John M"]
[Result "1/2-1/2"]
[WhiteElo "2495"]
[BlackElo "2430"]
[PlyCount "57"]
[EventDate "1990.07.30"]
[EventType "swiss"]
[EventRounds "11"]
[EventCountry "GBR"]
[SourceTitle "BritBase"]

1. e4 e5 2. Nc3 Nc6 3. Bc4 Nf6 4. d3 Bb4 5. Bg5 h6 6. Bh4 g5 7. Bg3 d5 8. exd5
Nxd5 9. Nge2 Be6 10. Bb5 Bxc3+ 11. bxc3 Nf4 12. Bxc6+ bxc6 13. O-O O-O 14. f3
f5 15. c4 Ng6 16. Be1 h5 17. Bc3 f4 18. Nc1 g4 19. Ne2 Qg5 20. fxg4 Bxg4 21.
Qd2 h4 22. Kh1 Rad8 23. Bb2 e4 24. Qc3 Rd7 25. Ng1 h3 26. Nxh3 Bxh3 27. gxh3
Qh5 28. dxe4 f3 29. Rad1 1/2-1/2

[Event "GBR-ch77"]
[Site "Eastbourne"]
[Date "1990.08.02"]
[Round "4.9"]
[White "Wall, Timothy"]
[Black "Hodgson, Julian M"]
[Result "0-1"]
[WhiteElo "2270"]
[BlackElo "2555"]
[PlyCount "52"]
[EventDate "1990.07.30"]
[EventType "swiss"]
[EventRounds "11"]
[EventCountry "GBR"]
[SourceTitle "BritBase"]

1. e4 c6 2. d4 d5 3. f3 e6 4. Nc3 Bb4 5. Bf4 Nf6 6. Qd3 b6 7. Nge2 Ba6 8. Qe3
O-O 9. O-O-O Be7 10. g4 b5 11. Ng3 b4 12. Nce2 Bc4 13. b3 Bb5 14. g5 Nfd7 15.
h4 a5 16. h5 a4 17. Bh3 axb3 18. axb3 c5 19. exd5 cxd4 20. Nxd4 e5 21. Ngf5 Bc5
22. Bxe5 Re8 23. Qf4 Nxe5 24. Nxb5 Qa5 25. Nh6+ gxh6 26. gxh6 Ng6 0-1

[Event "GBR-ch77"]
[Site "Eastbourne"]
[Date "1990.08.02"]
[Round "4.10"]
[White "Conquest, Stuart"]
[Black "Cavendish, James"]
[Result "1-0"]
[WhiteElo "2460"]
[BlackElo "2325"]
[PlyCount "59"]
[EventDate "1990.07.30"]
[EventType "swiss"]
[EventRounds "11"]
[EventCountry "GBR"]
[SourceTitle "BritBase"]

1. e4 c5 2. Nf3 Nc6 3. d4 cxd4 4. Nxd4 Nf6 5. Nc3 d6 6. Be3 e6 7. Be2 Be7 8.
O-O Bd7 9. Nb3 O-O 10. f4 Na5 11. e5 Ne8 12. Bd3 g6 13. Qe1 Rc8 14. Rd1 Nc4 15.
Bxc4 Rxc4 16. Bxa7 Qa8 17. Bc5 Qb8 18. exd6 Nxd6 19. Nd5 exd5 20. Qxe7 Rxc5 21.
Nxc5 Bb5 22. Rfe1 Re8 23. Qf6 Nf5 24. Rxe8+ Bxe8 25. Re1 Bc6 26. Nd3 Qa7+ 27.
Kh1 d4 28. Ne5 Be8 29. Nxg6 Qa4 30. Qh8# 1-0

[Event "GBR-ch77"]
[Site "Eastbourne"]
[Date "1990.08.02"]
[Round "4.11"]
[White "Rayner, Francis"]
[Black "McDonald, Neil R"]
[Result "0-1"]
[WhiteElo "2230"]
[BlackElo "2350"]
[PlyCount "114"]
[EventDate "1990.07.30"]
[EventType "swiss"]
[EventRounds "11"]
[EventCountry "GBR"]
[SourceTitle "BritBase"]

1. e4 e6 2. d4 d5 3. Nd2 Nf6 4. e5 Nfd7 5. f4 c5 6. Ndf3 Nc6 7. Ne2 Be7 8. c3
O-O 9. g3 Qa5 10. Bh3 b5 11. O-O b4 12. f5 exf5 13. Bxf5 bxc3 14. bxc3 Nb6 15.
Qc2 h6 16. Bxc8 Raxc8 17. Qf5 Nd8 18. Qh5 Rc6 19. Nh4 Bxh4 20. Qxh4 Qa6 21. Rf2
Ne6 22. dxc5 Nd7 23. Nd4 Rxc5 24. Qe7 Rxc3 25. Bb2 Rc7 26. Nxe6 Qxe6 27. Ba3
Rfc8 28. Raf1 Qxe7 29. Bxe7 Nxe5 30. Bd6 Ng4 31. Re2 Rd7 32. Ba3 d4 33. Rd1 d3
34. Red2 Ne5 35. Kf2 Rc6 36. Bb4 Rb7 37. Ba3 Ra6 38. Bc5 Nc4 39. Rxd3 Rxa2+ 40.
Kg1 Rbb2 41. h4 a5 42. Rc3 Ne5 43. Bd4 Rg2+ 44. Kf1 Ng4 45. Bg1 a4 46. Rd4 Nh2+
47. Bxh2 Rxh2 48. Kg1 Rhb2 49. Rd1 Rb3 50. Rcd3 h5 51. Kf1 Kh7 52. Kg1 Kg6 53.
Rd6+ f6 54. R6d3 Rxd3 55. Rxd3 Kf5 56. Kf1 a3 57. Rd4 Rb2 0-1

[Event "GBR-ch77"]
[Site "Eastbourne"]
[Date "1990.08.02"]
[Round "4.12"]
[White "Franklin, Michael J"]
[Black "Buckley, Graeme"]
[Result "0-1"]
[WhiteElo "2330"]
[BlackElo "2225"]
[PlyCount "78"]
[EventDate "1990.07.30"]
[EventType "swiss"]
[EventRounds "11"]
[EventCountry "GBR"]
[SourceTitle "BritBase"]

1. d4 Nf6 2. Nf3 c5 3. e3 g6 4. dxc5 Qa5+ 5. Nbd2 Bg7 6. a3 Qxc5 7. b4 Qc7 8.
Bb2 O-O 9. Be2 d6 10. O-O Nc6 11. c4 Bf5 12. Qb3 Rac8 13. Rac1 Qb8 14. Rfd1 a6
15. h3 b5 16. cxb5 axb5 17. Bc3 e5 18. Qa2 d5 19. Qb2 Rfe8 20. Nb3 Bh6 21. Ra1
d4 22. exd4 Nd5 23. dxe5 Nxc3 24. Qxc3 Nxe5 25. Nc5 Bg7 26. Bf1 Nd3 27. Nd4
Red8 28. Bxd3 Bxd4 29. Qe1 Bxd3 30. Rxd3 Bxa1 31. Rxd8+ Rxd8 32. Qxa1 Qd6 33.
Qc3 Qd4 34. Qg3 Re8 35. Kh2 Kg7 36. Qf3 h5 37. Nd3 Qe4 38. Qxe4 Rxe4 39. Kg3
Re8 0-1